سجناء الطونا / (Record no. 40098)
[ view plain ]
| 000 -الفاتح | |
|---|---|
| حقل البيانات ثابتة الطول | 00656nam a2200217Ia 4500 |
| 008 - عناصر البيانات ثابتة الطول - معلومات عامة | |
| حقل البيانات ثابتة الطول | 140319s9999 xx 000 0 ara d |
| 040 ## - مصدر الفهرسة | |
| وكالة الفهرسة الأصلية | GCL / |
| وكالة النسخ | GCL |
| 082 04 - رقم تصنيف ديوى العشرى | |
| رقم التصنيف | 842 |
| رقم المادة | س س |
| 100 1# - المدخل الرئيسى - إسم شخصى | |
| الإسم الشخصى | سارتر ، جان بول |
| 245 10 - بيان العنوان | |
| العنوان | سجناء الطونا / |
| بيان المسئوليه,etc | سارتر ، جان بول |
| 700 1# - المدخل الاضافى - اسم شخصى | |
| الإسم الشخصى | ماهر فؤاد |
| 700 1# - المدخل الاضافى - اسم شخصى | |
| الإسم الشخصى | محمد رشاد خميس |
| 300 ## - الوصف المادى | |
| التعداد | 269 ص |
| 490 ## - بيان السلسلة | |
| عنوان السلسلة | مسرحيات عالمية |
| رقم المجلد/ التعيين التسلسلي | 0 |
| 650 04 - المدخل الاضافى بالموضوع-مصطلح موضوعى | |
| مصطلح موضوعي | الادب |
| 650 04 - المدخل الاضافى بالموضوع-مصطلح موضوعى | |
| مصطلح موضوعي | الادب الفرنسى |
| 650 04 - المدخل الاضافى بالموضوع-مصطلح موضوعى | |
| مصطلح موضوعي | المسرحيات الفرنسية |
| 650 04 - المدخل الاضافى بالموضوع-مصطلح موضوعى | |
| مصطلح موضوعي | المسرحيات الفرنسية المترجمة |
| 942 ## - عناصر المدخل الإضافي( كوها) | |
| مصدر التصنيف او مخطط الترفيف | Dewey Decimal Classification |
| Koha [default] item type | كتاب |
| حالة التراجع | حالة الفقد | حالة تلف | ليس للاعارة | المكان المؤقت | الموقع الحالى | تاريخ الاكتساب | اجمالي اﻻعارات | رقم الطلب | الباركود | تاريخ اخر مشاهدة | تاريخ تفعيل السعر | نوع وعاء كوها |
|---|---|---|---|---|---|---|---|---|---|---|---|---|
| مكتبة القاهرة الكبرى | مكتبة القاهرة الكبرى | 03/26/2014 | 842\س س | 97485 | 03/26/2014 | 03/26/2014 | كتاب |

